Statistics for 1982 FIFA World Cup Later Stages

Click here to take the quiz!

General Stats

  • This quiz has been taken 36 times
  • The average score is 10 of 12

Answer Stats

Nation % Correct
Argentina
97%
Brazil
97%
France
97%
Italy
97%
Spain
97%
West Germany
90%
England
87%
Belgium
83%
Poland
83%
Soviet Union
80%
Austria
67%
Northern Ireland
50%

Score Distribution

Percentile by Number Answered

Percent of People with Each Score

Your Score History

You have not taken this quiz